| 000 | 00546nam a22001937a 4500 | ||
|---|---|---|---|
| 003 | OSt | ||
| 005 | 20130517101147.0 | ||
| 008 | 130517s1998 sp ||||| |||| 00| 0 spa d | ||
| 020 | _a848182970 | ||
| 040 | _cCDMR | ||
| 100 | 1 |
_93451 _aLondres, Albert _d1884-1932 |
|
| 245 | 1 | 3 |
_aEl camino de Buenos Aires _cAlbert Londres |
| 260 |
_aBarcelona _bPrensa Ibérica _c1998 |
||
| 300 | _a194 p. | ||
| 490 | 0 |
_aClásicos de la Prensa _v5 |
|
| 600 | 1 |
_93451 _aLondres, Albert _d1884-1932 _vRecull d'escrits |
|
| 650 | 0 | 4 |
_93452 _aProstitució |
| 942 |
_2udc _cMON |
||
| 999 |
_c6276 _d6276 |
||